000 00499nam a2200181Ia 4500
999 _c37452
_d37452
003 OSt
005 20200929114345.0
008 190216s9999||||xx |||||||||||||| ||und||
020 _a9788121916394
040 _coclc
082 _a596
_bJOR/C
100 _aJordan, E L
_95115
245 0 _aChordate Zoology /
_cE L Jordan ; P S Verma
260 _bS Chand & Company,
_c2003.
_aNew Delhi:
300 _a1092p
650 _aZoology
942 _cBK
_2ddc
_h596
_iJOR/C
_k596
_mJOR/C